000 00399nam a2200169Ia 4500
008 221030s9999 xx 000 0 und d
020 _a8126117729
041 _aEnglish
082 _a105.23
_bSud
100 _aA. S. Sudan
245 0 _aOrgnaisation Effectiveness & Change
260 _bAnmol Pub
_aNew Delhi
_c2004
300 _a579
650 _aManagement
700 _aN. Kumar
942 _cBK
999 _c1019
_d1019